Quizzes
Events
Quiz Creation
Community
Videos
Private Events
Remove Ads
Sign In
Join for FREE
Feedback
Dark Mode
Quiz Categories
Sports
Geography
Music
Movies
Television
Just For Fun
Miscellaneous
History
Literature
Language
Science
Gaming
Entertainment
Religion
Holiday
For Kids
Quiz Lab
Recent
Popular Today
Quiz Kudos Today
Editor Picks
Curator Picks
Quizzes by...
Day
Popularity
Type
Ratings
Length
Year
Community
Subscriptions
Recent Discussions
Orange Saloon
Badges
Playlists
Quests
Create
Leaderboards
Showdown
Live 5
Trivia Bingo
Activity
Puzzle Library
Sporcle Events
Private Events
Virtual Trivia
Globe League
Become a Host
Pub Owners
SporcleCon
Opinionation
Our Games
Videos
Blog
Mobile Apps
Partnerships
Remove Ads and Go Orange
Feedback
Gaming
Video Games
Board Games
Card Games
Pokémon
Mario
Nintendo
Minecraft
Console
Toys
Legend of Zelda
Gaming
Video Games
Board Games
Card Games
Pokémon
Mario
Nintendo
Minecraft
Console
Toys
Legend of Zelda
Random Quiz
Search Sporcle
×
Quiz Lab
Quiz Lab
Gaming
Video Games
Type in answers that appear in a list
Type in answers that appear in a list
Classic
Best Score? Go Orange.
Pokemon by Significant Numbers Stats
Can you name the Pokemon by Significant Numbers?
By
kenweaver
10m
26 Questions
55 Plays
55 Plays
55 Plays
Comments
Comments
Give Quiz Kudos
Give Quiz Kudos
-
- Ratings
hide this ad
More Info
Forced Order
Answers have to be entered in order
Answers have to be entered in order
Replay
Link that replays current quiz
Next Quiz
Link to next quiz in quiz playlist
You Got
0%
They Got
Avg Score
61%
Avg Friend Score
Upgrade to see
Score Distribution
Jump to the score distribution portion of the page
Score
0/26
Timer
10:00
0
Plays Today
National Number
Pokemon
% Correct
25
Pikachu
98.2%
1
Bulbasaur
96.4%
100
Voltorb
89.1%
75
Graveler
85.5%
50
Diglett
81.8%
150
Mewtwo
80%
125
Electabuzz
78.2%
250
Ho-oh
70.9%
200
Misdreavus
69.1%
225
Delibird
65.5%
275
Shiftry
65.5%
400
Bibarel
60%
375
Metang
58.2%
National Number
Pokemon
% Correct
500
Emboar
58.2%
425
Drifloon
56.4%
475
Gallade
56.4%
450
Hippowdon
54.5%
625
Bisharp
49.1%
525
Boldore
47.3%
175
Togepi
43.6%
325
Spoink
43.6%
600
Klang
43.6%
300
Skitty
41.8%
550
Basculin
41.8%
350
Milotic
40%
575
Gothorita
34.5%
Quiz Playlist
Details
Report
Send in Message
Add To Playlist
More Info:
This quiz is for the Pokemon with important numbers, mainly multiples of 25. Anymore significant number suggestions are always appreciated.
Classic:
Type in answers that appear in a list
Forced Order:
Answers have to be entered in order
Quiz Source
Last Updated: Feb 16, 2017
Quiz Scoreboard
CHALLENGE
Sign Up to Join the Scoreboard
Show All
Scores
Hide
Comments
May contain spoilers
Recently Published
NBA Finals Game Top Scorers (2010s)
by flibbidy
Sports
5m
Guess the 'R' Things in 3 Words
by MSUKent
Miscellaneous
3m
Actor to Badly Drawn Movie III
by MoMosMoProblems
Movies
5m
More to Explore
Quiz From the Vault
Featured Blog Post
Where Does Lost Luggage Go?
hide this ad
You Might Also Like...
Tags
Numbers Quiz
Pokémon Quiz
Video Games Quiz
milestone
significant
Today's Top Quizzes in Gaming
Browse Gaming
hide this ad
Today's Top Quizzes in Video Games
Browse Video Games
Top Contributed Quizzes in Gaming
1
Video Game Rainbow Blitz
2
Genshin Impact Logic Puzzle
3
Genshin Impact Logic Puzzle Quiz
4
Pokémon Gen IV Logic Puzzle (HARD)
5
Rainbow Six Siege Operators by Picture
6
Magic: the Gathering Set Symbols - LCI
7
Ordering Roman Numerals: Pokémon
8
St. Patrick's Pick: Gaming
9
Ultimate Genshin Impact Logic Puzzle (up to 4.3)
10
Wii Remote Buttons
Explore More
Trending Topics
Marvel
Crossword
Kpop
Harry Potter
Disney
NBA
Anime
Soccer
Country
The Office
Puzzle
NFL
WWE
Pokémon
Song
hide this ad
More By:
kenweaver
Quiz
Plays
Rating
Category
Featured
Created
WWE Triple Crown Champions
105,890
4.30
Sports
Oct 4, 2009
WWE Money in the Bank Cash In Matches
12,409
3.92
Entertainment
Nov 25, 2010
Survivors of Star Wars (Clickable)
5,910
3.65
Movies
Oct 30, 2012
WWE Short-Term Champions
3,455
3.17
Entertainment
Oct 30, 2012
Follow the Quote (Boy Meets World Edition [Clickable]
2,620
4.71
Television
Oct 30, 2012
Go to Creator's Profile
Score Distribution
Quiz Creator Spotlight
kenweaver
Follow
Send a Message
Quizzes Created
-
Created Quiz Play Count
-
More By This Creator
Popular Quizzes Today
1
Find the US States - No Outlines Minefield
2
Find the US States
3
The Countries of the World
4
10 Largest US States in Order
5
Find the Countries of Europe - No Outlines Minefield
6
US States
7
Guess the 'R' Things in 3 Words
8
NBA Finals Game Top Scorers (2010s)
More Gaming Quizzes
15 Second Sort: Pokémon Types
Editor's Pick
Trending Quizzes
First Name TV: Leading Men
Match the Book to the Film II
3-Word Movies in 1 Word II
First Name TV: Leading Women Drama
Match the Book to the Film VI
Recently Updated
Women's Final Four Teams by Year
bhenderson79
Presidents Quartet II
eogle
Anything But Clue(do)
eogle
Anything But Oceanian Capitals
eogle
Anything But 7
eogle
Anything But Thing
eogle
Word Ladder: February 29
pecheneg
Song Title Questions
pecheneg
Women's NCAA Tournament #1 Seeds
pecheneg
Celebrity Mug Shots
pecheneg
Trending Topics
Marvel
Harry Potter
Disney
NBA
Crossword
Kpop
Anime
NFL
Song
Pokémon
Soccer
Puzzle
The Office
WWE
Country
Your Account Isn't Verified!
In order to create a playlist on Sporcle, you need to verify the email address you used during registration. Go to your
Sporcle Settings
to finish the process.
Report this User
Report this user for behavior that violates our
Community Guidelines
.
Details:
Send Report
Go to the Sporcle.com Mobile Site →
Comments